header

South Korea (Record no. 5779)

MARC details
000 -LEADER
fixed length control field 01097nem a2200313 4500
001 - CONTROL NUMBER
control field ebr5008854
003 - CONTROL NUMBER IDENTIFIER
control field CaPaEBR
006 - FIXED-LENGTH DATA ELEMENTS--ADDITIONAL MATERIAL CHARACTERISTICS--GENERAL INFORMATION
fixed length control field m u
007 - PHYSICAL DESCRIPTION FIXED FIELD--GENERAL INFORMATION
fixed length control field cr cn|||||||||
008 - FIXED-LENGTH DATA ELEMENTS--GENERAL INFORMATION
fixed length control field 101210s1999 xx s a s 0 eng d
034 0# - CODED CARTOGRAPHIC MATHEMATICAL DATA
Category of scale a
040 ## - CATALOGING SOURCE
Original cataloging agency CaPaEBR
Transcribing agency CaPaEBR
035 ## - SYSTEM CONTROL NUMBER
System control number (OCoLC)704523478
050 14 - LIBRARY OF CONGRESS CALL NUMBER
Classification number DS902
Item number .S68 1999eb
Classification number G7900 1999
Item number .S68eb
052 ## - GEOGRAPHIC CLASSIFICATION
Geographic classification area code 7900
245 00 - TITLE STATEMENT
Title South Korea
Medium [electronic resource].
246 3# - VARYING FORM OF TITLE
Display text Title from title screen:
Title proper/short title Hypsometric map, Asia, South Korea
255 ## - CARTOGRAPHIC MATHEMATICAL DATA
Statement of scale Scale varies.
260 ## - PUBLICATION, DISTRIBUTION, ETC. (IMPRINT)
Place of publication, distribution, etc [S.l.] :
Name of publisher, distributor, etc Maps.com,
Date of publication, distribution, etc c1999.
300 ## - PHYSICAL DESCRIPTION
Extent 1 online resource (1 map)
533 ## - REPRODUCTION NOTE
Type of reproduction Electronic reproduction.
Place of reproduction Palo Alto, Calif. :
Agency responsible for reproduction ebrary,
Date of reproduction 2011.
Note about reproduction Available via World Wide Web.
-- Access may be limited to ebrary affiliated libraries.
651 #0 - SUBJECT ADDED ENTRY--GEOGRAPHIC NAME
Geographic name Korea (South)
Form subdivision Maps.
Geographic name Korea (South)
655 #7 - INDEX TERM--GENRE/FORM
Genre/form data or focus term Electronic books.
Source of term local
710 2# - ADDED ENTRY--CORPORATE NAME
Corporate name or jurisdiction name as entry element Maps.com (Firm)
Corporate name or jurisdiction name as entry element ebrary, Inc.
856 40 - ELECTRONIC LOCATION AND ACCESS
Uniform Resource Identifier <a href="http://site.ebrary.com/lib/rucke/Doc?id=5008854">http://site.ebrary.com/lib/rucke/Doc?id=5008854</a>
Public note An electronic book accessible through the World Wide Web; click to view

No items available.

© 2026 Rongo University
Contact us: librarian | system librarian | Rongo university